Informační asymetrie a systém dvojího standardu ve vztahu zdravotník - pacient

Špecifická povaha statkov a služieb v zdravotníctve. Analýza možnosti využitia teórie "principála a agenta". Jednoduchý model pre podchytenie problematiky dvojakého štandardu vo vzťahu k informačnej asymetrii.

Uložené v:
Podrobná bibliografia
Hlavný autor: Janíčko, Martin
Ďalší autori: Koubek, Ivo
Médium: Kapitola
Jazyk:Czech
Predmet:
Tagy: Pridať tag
Žiadne tagy, Buďte prvý, kto otaguje tento záznam!

MARC

LEADER 00000naa a2200000 4500
001 0157772
005 20231207120948.7
041 0 |a cze 
044 |a CZ 
245 1 0 |a Informační asymetrie a systém dvojího standardu ve vztahu zdravotník - pacient  |c Martin Janíčko, Ivo Koubek 
520 |a Špecifická povaha statkov a služieb v zdravotníctve. Analýza možnosti využitia teórie "principála a agenta". Jednoduchý model pre podchytenie problematiky dvojakého štandardu vo vzťahu k informačnej asymetrii. 
610 2 0 |a lekári 
610 2 0 |a zdravotníctvo 
610 2 0 |a služby zdravotnícke 
610 2 0 |a starostlivosť zdravotná 
610 2 0 |a informácie asymetrické 
100 1 |a Janíčko, Martin 
700 1 |a Koubek, Ivo